000 00305nam a22001337a 4500
008 211011b ||||| |||| 00| 0 eng d
041 _aeng
080 _a616.073
082 _a616.073
100 _a6
101 _aRAD
245 _aComplications of Diagnostic Radiology
_cWeigen,J.F
942 _2udc
_cBK
999 _c58149
_d58149